Химия океана; Т. 2: Геохимия донных осадков

Бібліографічні деталі
Співавтор: Академия наук СССР (АН СССР) Институт океанологии им. П. П. Ширшова (ИО)
Інші автори: Волков И. И. (редактор)
Мова:Російська
Опубліковано: Москва, Наука, 1979
Серія:Океанология
Предмети:
Формат: MixedMaterials Книга
KOHA link:https://koha.lib.tpu.ru/cgi-bin/koha/opac-detail.pl?biblionumber=130516

MARC

LEADER 00000nam0a2200000 4500
001 130516
005 20231031133934.0
035 |a (RuTPU)RU\TPU\book\141360 
090 |a 130516 
100 |a 20080205d1979 m y0rusy50 ca 
101 0 |a rus 
102 |a RU 
105 |a a z 001zy 
200 1 |a Химия океана  |h Т. 2: Геохимия донных осадков  |f Академия наук СССР (АН СССР), Институт океанологии им. П. П. Ширшова (ИО) ; под ред. И. И. Волкова 
210 |a Москва  |c Наука  |d 1979 
215 |a 536 с.  |c ил. 
225 1 |a Океанология 
320 |a Библиогр.: с. 495-516. 
610 1 |a океанология 
610 1 |a химия 
610 1 |a Океан 
610 1 |a геохимия 
610 1 |a донные осадки 
610 1 |a седиментогенез 
610 1 |a гидродинамические режимы 
610 1 |a взвеси 
675 |a 551.464  |v 3 
675 |a 551.46  |v 3 
702 1 |a Волков  |b И. И.  |4 340 
712 0 2 |a Академия наук СССР (АН СССР)  |b Институт океанологии им. П. П. Ширшова (ИО)  |c (Москва)  |2 stltpush  |3 (RuTPU)RU\TPU\col\6016 
801 1 |a RU  |b 63413507  |c 20080205  |g PSBO 
801 2 |a RU  |b 63413507  |c 20090414  |g PSBO 
942 |c BK